| 000 | 01339nam a2200361 a 4500 | ||
|---|---|---|---|
| 003 | BLK | ||
| 005 | 20230529161623.0 | ||
| 008 | 180409b bul|||||r ||||||| ||bul|| | ||
| 010 | _aKNG00120746000 | ||
| 040 | _aBLK | ||
| 041 |
_aBUL _cBUL |
||
| 080 |
_aХудожествени тъкани. Текстилно изкуство _b745.52 _x(035) _z745.52(035) |
||
| 100 | 1 |
_aМитрева, Павлина Георгиева _eпърви автор _9314022 |
|
| 139 |
_aМитрева, Павлина Георгиева _bМ 72 |
||
| 245 | 1 | 0 |
_aДекоративно тъкане у дома _cПавлина Георгиева Митрева. |
| 257 | _aBGR | ||
| 260 |
_aСофия _bТехника _c1988 |
||
| 300 |
_a111 с. _bс ил., 16 л. цв. ил. _c24 см |
||
| 380 | _a7 | ||
| 500 | _aБиблиогр. с. 111 | ||
| 650 | 4 |
_aТъкане, традиционно _9174361 |
|
| 653 | _aтъкачество | ||
| 653 | _aтъкачни станове | ||
| 653 | _aмодели | ||
| 653 | _aкилими | ||
| 852 | _aЦб 155819 | ||
| 856 | 4 | _qpdf | |
| 856 | 4 | _qpdf | |
| 942 |
_cKNG _n0 _05 |
||
| 944 |
_aCR _c12.01.2011 _lдобави в АБ / 11.01.2011 _kИрена_Линкова |
||
| 944 |
_aED _c27.08.2015 _lдобави в АБ / 11.01.2011 _kГеновева_Генчева |
||
| 999 |
_c115269 _d115269 |
||
| 999 | _d115269 | ||